| 000 | 01104nam a22002537a 4500 | ||
|---|---|---|---|
| 005 | 20170124102957.0 | ||
| 010 | _aB-048798 | ||
| 020 |
_c190.00 _a8188125040 |
||
| 035 | _aB-048798 | ||
| 037 | _bCen Lib/Ret | ||
| 040 |
_aDPL _bHN |
||
| 082 |
_a420 _bविष्णुप्र |
||
| 100 |
_aविष्णु, प्रभाकर _9102624 |
||
| 245 |
_aराष्ट्रीय एकता और हिंदी / _cप्रभाकर विष्णु |
||
| 246 |
_aRashtriya ekta aur Hindi / _bby Vishnu Prabhakar |
||
| 260 |
_aनयी दिल्ली _bजगतराम एंड संस _c2001 |
||
| 270 |
_a24/4855, अंसारी रोड, दरियागंज _bनयी दिल्ली _e110002 |
||
| 300 |
_a211पृ. _c21सेमी(सजिल्द ) |
||
| 650 |
_aहिंदी भाषा _x _z _9102625 |
||
| 650 |
_aहिंदी--राष्टीय एकता _v _9102626 |
||
| 650 |
_aHindi language _99446 |
||
| 650 |
_aHindi--National unity _947316 |
||
| 942 |
_2ddc _cHN _h420 _mविष्णुप्र |
||
| 999 |
_c113735 _d113735 |
||